E-business zaznamenává úspěchy

Prieskum zvláštností obchodného využívania internetu. Elektronické obchodovanie v jednotlivých krajinách Európy. Čo sa skrýva pod pojmom B2B. B2B riešenie je súbor hardwaru, softwaru a know-how umožňujúci elektronické obchodné transakcie medzi dvomi alebo i viacerými firmami. Trendy B2B. Ekonomický...

Ausführliche Beschreibung

Gespeichert in:
Bibliographische Detailangaben
Format: Buchkapitel
Sprache:Tschechisch
Schlagworte:
Tags: Tag hinzufügen
Keine Tags, Fügen Sie das erste Tag hinzu!

MARC

LEADER 00000naa a2200000 4500
001 r045457
005 20231004070538.2
041 0 |a cze 
044 |a CZ 
245 1 0 |a E-business zaznamenává úspěchy 
520 |a Prieskum zvláštností obchodného využívania internetu. Elektronické obchodovanie v jednotlivých krajinách Európy. Čo sa skrýva pod pojmom B2B. B2B riešenie je súbor hardwaru, softwaru a know-how umožňujúci elektronické obchodné transakcie medzi dvomi alebo i viacerými firmami. Trendy B2B. Ekonomický prínos e-businessu. Informačné weby. Webové služby. 
610 2 0 |a obchod elektronický 
610 2 0 |a internet 
610 2 0 |a technológie nové 
610 2 0 |a technológie informačné 
610 2 0 |a zákazníci 
610 2 0 |a partneri obchodní 
610 2 0 |a odberatelia 
610 2 0 |a dodávatelia 
610 2 0 |a služby obchodné 
610 2 0 |a systémy informačné podnikové 
610 2 0 |a technológie informačné 
610 2 0 |a technológie komunikačné